000 00569nam a2200229 a 4500
001 nice12345678
003 IN_TiNIC
005 20260116011513.0
008 070620s0000 pera grp 000 0 per
020 _a
_c100
082 0 0 _a891.53
_bHUM
100 _aHumai, Mirza Jalaluddin
245 _aTatikh Adbiyak-E-iran
260 _aPersia
_bNo Publishers
_c0000
300 _a408p
500 _aincludes index and biblioraphy
650 _aPersian Literature-History
700 1 _aHumai, Mirza Jalaluddin
902 _bSRS
942 _cBK
999 _c2111
_d2111